00712 2200241 4500001002100000005001500021035002000036007000300056008003900059020001900098082001000117084001600127100002700143245006600170250001400236260003900250300003800289500001100327650004100338650003300379650003900412990001900451INLIS00000000000341620221123094651 a0010-1122000103ta221123 | | |  a978979534780-4 a597.9 a597.9 CAM r0 aCamilla De La Bedoyere1 aReptilia dan Amfibi :bBook Of LIfe /cCamilla De La Bedoyere aCet. 1,-- aBandung. :bPT. Pakar Raya,c2013. a68 hlm. :bilus. ;c17,5 x 25 cm. aIndeks aPengalih bahasa, Rizka Yanuarti, S.S aPenyunting Materi, Rudiyanto aPenynting perwajahan, Deni Sarjoko a12434/P/B/2016